000 00983nam a2200301 a 4500
001 BRL_1845
005 20190320211408.0
008 100815s1983----mx-abo####---#010-0#spa-#
020 _a9685804974
041 _aspa
044 _amx
050 4 _aF1435
_b.A58 1983
245 1 0 _aAntropología e historia de los Mixe-Zoques y Mayas
_b(Homenaje a Frans Blom)
_ceditado por Lorenzo Ochoa / Thomas A. Lee
260 _aMéxico
_bUNAM, Instituto de Investigaciones Filológicas, Centro de Estudios Mayas : Brigham Young University
_c1983
300 _a509 p.
_bil., mapas
_c22 cm.
500 _aAu2056
500 _aTexto en: Español e Ingles.
504 _aBibliografía: p. 483-506
600 1 4 _aBlom, Frans Ferdinand
_d1893-1963
_928032
650 1 4 _aMayas
_98077
650 1 4 _aIndígenas de México
_94678
650 1 4 _aZoques
_928033
650 1 4 _aMixe
_926401
700 1 _aOchoa, Lorenzo
_928034
700 1 _aLee, Thomas A.
_928035
902 _aGRL
942 _2lcc
_cB
999 _c10653
_d10653